| 000 | 00449nam a2200145 a 4500 | ||
|---|---|---|---|
| 001 | 973 | ||
| 005 | 20180713181051.0 | ||
| 008 | 140415s1991 000 0 spa d | ||
| 041 | _aspa | ||
| 082 |
_a621.4338 _bMAN |
||
| 245 | 0 | 0 |
_aMANAGEMENT OF RADIOACTIVE WATES : _bTHE ISSUES FOR LOCAL AUTHORITIES |
| 260 |
_a[s.l.] : _bTHOMAS TELFORD HOUSE, _c1991 |
||
| 300 | _a177 | ||
| 650 | 1 | 4 |
_aADMINISTRACION _xDISPOSICION DE RESIDUOS RADIOACTIVOS |
| 999 |
_c973 _d973 |
||